000 00284nam a22001337a 4500
008 170127b xxu||||| |||| 00| 0 eng d
020 _a0122466401
041 _aeng
080 _23RD
_a61
100 _a3
101 _aSHM
245 _aMEDICAL VIROLOGY
_cWHITE, D.O
942 _2udc
_cBK
999 _c3917
_d3917